[Event "DEM U10/U10w 2000"]
[Site "Überlingen GER"]
[Date "2000.06.09"]
[Round "9"]
[White "Wassilian, Diana"]
[Black "Armbrüster, Clemens"]
[Result "0-1"]
[Termination "normal"]
[Board "25"]
[WhiteElo "889"]
[BlackElo "584"]
[PlyCount "102"]
[BlackFideId "12969699"]
[EventCountry "GER"]
[EventRounds "11"]
[EventType "swiss"]
[EventDate "2000.06.03"]

1. e4 e5 2. Nf3 Nc6 3. Bc4 Bc5 4. Nc3 Nf6 5. d3 h6 6. Be3 Bb6 7. h3 d6 8. Qd2
Be6 9. Bb3 Nd4 10. Bxd4 exd4 11. Ne2 c5 12. Ba4+ Bd7 13. Bxd7+ Qxd7 14. Nf4 Qb5
15. c4 dxc3 16. bxc3 Ba5 17. O-O c4 18. Rab1 Qa6 19. Rfe1 O-O 20. e5 dxe5 21.
Rxe5 Bc7 22. Rf5 cxd3 23. Qxd3 Qxa2 24. Rxb7 Bb6 25. Nd4 Rfe8 26. Qg3 Re1+ 27.
Kh2 Qb1 28. Qh4 Rh1+ 29. Kg3 Rf1 30. Nh5 Qxf5 31. Nxf5 Bxf2+ 32. Kh2 Bxh4 33.
Nxh4 Nxh5 34. c4 a5 35. g4 Nf4 36. Kg3 a4 37. Nf3 a3 38. Nd2 a2 39. Nxf1 a1=Q
40. Kxf4 Qxf1+ 41. Ke4 Qh1+ 42. Kd4 Qxb7 43. c5 Rc8 44. Kc4 Qc6 45. Kd4 Qxc5+
46. Ke4 Rb8 47. Kf4 Rb4+ 48. Kg3 g5 49. Kf3 Qc3+ 50. Ke2 Rb2+ 51. Kd1 Qd2# 0-1

[Event "DEM U10/U10w 2000"]
[Site "Überlingen GER"]
[Date "2000.06.09"]
[Round "9"]
[White "Zeuner, Felix"]
[Black "Prum, Alexander"]
[Result "0-1"]
[Termination "normal"]
[Board "26"]
[WhiteElo "830"]
[BlackElo "351"]
[PlyCount "78"]
[EventCountry "GER"]
[EventRounds "11"]
[EventType "swiss"]
[EventDate "2000.06.03"]

1. e4 e5 2. Nf3 Nc6 3. Bc4 Bc5 4. Nxe5 Bxf2+ 5. Kxf2 Nxe5 6. Qe2 Qf6+ 7. Ke1 d6
8. Rf1 Bg4 9. Rxf6 Bxe2 10. Bxf7+ Nxf7 11. Rf2 Ba6 12. Nc3 Nf6 13. d4 O-O 14.
Bf4 Rfe8 15. Kd2 Nxe4+ 16. Nxe4 Rxe4 17. c3 Rae8 18. g3 Re2+ 19. Rxe2 Rxe2+ 20.
Kd1 Rxh2 21. Bd2 Ng5 22. Rc1 Nf3 23. Be1 Rh1 24. Kc2 Nxe1+ 25. Kb3 Rf1 26. a4
Nf3 27. Rxf1 Bxf1 28. a5 g5 29. a6 bxa6 30. c4 h5 31. c5 dxc5 32. dxc5 h4 33.
gxh4 gxh4 34. c6 h3 35. Ka3 h2 36. b4 h1=Q 37. b5 Bxb5 38. Kb3 Qc1 39. Kb4 Nd4
0-1

[Event "DEM U10/U10w 2000"]
[Site "Überlingen GER"]
[Date "2000.06.09"]
[Round "9"]
[White "Müller, Jonathan"]
[Black "Friedrich, Jan"]
[Result "0-1"]
[Termination "normal"]
[Board "27"]
[WhiteElo "487"]
[BlackElo "821"]
[PlyCount "42"]
[BlackFideId "24659452"]
[EventCountry "GER"]
[EventRounds "11"]
[EventType "swiss"]
[EventDate "2000.06.03"]

1. e4 c5 2. Nf3 Nc6 3. d4 cxd4 4. Nxd4 g6 5. Be3 Bg7 6. Nc3 d6 7. Qd2 e5 8.
Ndb5 a6 9. Nxd6+ Kf8 10. Bc5 Nge7 11. Bc4 Be6 12. Bxe6 fxe6 13. f4 Bh6 14. O-O
Nd4 15. Nxb7 Nf3+ 16. Rxf3 Qxd2 17. fxe5+ Kg7 18. Bxe7 Rhc8 19. Bf6+ Kg8 20.
Nd6 Rab8 21. Rf2 Be3 0-1

[Event "DEM U10/U10w 2000"]
[Site "Überlingen GER"]
[Date "2000.06.09"]
[Round "9"]
[White "Ahlers, Hendrik"]
[Black "Chyzynski, David"]
[Result "1/2-1/2"]
[Termination "normal"]
[Board "28"]
[WhiteElo "504"]
[BlackElo "793"]
[PlyCount "61"]
[BlackFideId "12956155"]
[EventCountry "GER"]
[EventRounds "11"]
[EventType "swiss"]
[EventDate "2000.06.03"]

1. e4 e5 2. Nf3 Nc6 3. Bb5 d6 4. h3 f5 5. exf5 Bxf5 6. O-O Nf6 7. Nc3 Be7 8. d3
O-O 9. Bg5 Qe8 10. Re1 Qg6 11. Ne4 h6 12. Nh4 Qf7 13. Bxf6 Bxf6 14. Nxf5 d5 15.
Nxf6+ Qxf6 16. Ne3 Qxf2+ 17. Kh2 d4 18. Ng4 Qf4+ 19. Kh1 h5 20. Bxc6 hxg4 21.
Bd5+ Kh8 22. Qxg4 Qh6 23. Rf1 Rfd8 24. Rf5 g6 25. Rxe5 Rf8 26. h4 Rf4 27. Qe6
Rxh4+ 28. Kg1 Rh1+ 29. Kf2 Rxa1 30. Qf6+ Qg7 31. Qh4+ 1/2-1/2

[Event "DEM U10/U10w 2000"]
[Site "Überlingen GER"]
[Date "2000.06.09"]
[Round "9"]
[White "Laake, Tamara"]
[Black "Schleißinger, Patrick"]
[Result "1/2-1/2"]
[Termination "normal"]
[Board "33"]
[WhiteElo "492"]
[BlackElo "761"]
[PlyCount "61"]
[EventCountry "GER"]
[EventRounds "11"]
[EventType "swiss"]
[EventDate "2000.06.03"]

1. e4 e5 2. Nf3 Nc6 3. Bb5 d6 4. d4 exd4 5. Nxd4 Bd7 6. O-O g6 7. Re1 Bg7 8.
Nb3 Nf6 9. Bxc6 bxc6 10. e5 dxe5 11. Rxe5+ Be6 12. Qxd8+ Rxd8 13. Re1 O-O 14.
Bg5 Rd7 15. Nc3 Nd5 16. Nc5 Nxc3 17. Nxd7 Bxd7 18. bxc3 Bxc3 19. Bh6 Rc8 20.
Red1 Bxa1 21. Rxa1 Bf5 22. c3 Rd8 23. h3 Be6 24. a3 Rd3 25. Rb1 Rd8 26. Rb7 a6
27. Rxc7 Rc8 28. Ra7 Bc4 29. Rb7 f6 30. Rg7+ Kh8 31. Re7 1/2-1/2

[Event "DEM U10/U10w 2000"]
[Site "Überlingen GER"]
[Date "2000.06.09"]
[Round "9"]
[White "Hoffmann, Lena"]
[Black "Fischer, Patrick"]
[Result "0-1"]
[Termination "normal"]
[Board "34"]
[WhiteElo "233"]
[BlackElo "649"]
[PlyCount "68"]
[WhiteFideId "24626597"]
[EventCountry "GER"]
[EventRounds "11"]
[EventType "swiss"]
[EventDate "2000.06.03"]

1. e4 e5 2. Nf3 Nc6 3. Bc4 Bc5 4. c3 Nf6 5. d4 exd4 6. cxd4 Bb4+ 7. Nc3 Nxe4 8.
O-O Bxc3 9. d5 Bf6 10. Re1 Ne7 11. Rxe4 d6 12. Bg5 Bxg5 13. Nxg5 h6 14. Nf3 O-O
15. Qe2 Ng6 16. Re1 Bd7 17. h4 Re8 18. h5 Rxe4 19. Qxe4 Nf8 20. Bd3 a6 21. Qf4
Qf6 22. Qb4 b5 23. b3 Bh3 24. Kh2 Bf5 25. Bxf5 Qxf5 26. Kg1 Qxd5 27. Qh4 Qc6
28. Nd4 Qd7 29. Qe4 Rc8 30. Qb7 Re8 31. Rxe8 Qxe8 32. Kf1 Qe5 33. Nc6 Qxh5 34.
Qb8 Qd1# 0-1

[Event "DEM U10/U10w 2000"]
[Site "Überlingen GER"]
[Date "2000.06.09"]
[Round "9"]
[White "Lange, Jan-David"]
[Black "Benzen, Marthe"]
[Result "1-0"]
[Termination "normal"]
[Board "36"]
[WhiteElo "1000"]
[BlackElo "624"]
[PlyCount "102"]
[WhiteFideId "24614963"]
[BlackFideId "24647764"]
[EventCountry "GER"]
[EventRounds "11"]
[EventType "swiss"]
[EventDate "2000.06.03"]

1. e4 e5 2. Nf3 Nc6 3. Bc4 Bc5 4. c3 d6 5. h3 Nf6 6. O-O h6 7. d4 exd4 8. cxd4
Bb6 9. Re1 Be6 10. d5 Ne5 11. Nxe5 dxe5 12. dxe6 Qxd1 13. exf7+ Ke7 14. Rxd1
Nxe4 15. Be3 Bxe3 16. fxe3 Rhf8 17. Nc3 Nd6 18. Bb3 Nxf7 19. Bxf7 Rxf7 20. Nd5+
Kd8 21. Nb6+ Ke7 22. Nxa8 Rf8 23. Nxc7 Rc8 24. Nd5+ Ke6 25. e4 Rc2 26. b3 b6
27. Nb4 Re2 28. Re1 Rd2 29. Rad1 Rb2 30. Kf1 a5 31. Re2 Rxe2 32. Kxe2 axb4 33.
Rd8 Ke7 34. Rb8 Kd6 35. Rxb6+ Kc5 36. Rg6 Kd4 37. Rxg7 Kc3 38. Rg6 Kb2 39. Rb6
Kxa2 40. Rxb4 Kb2 41. Rb8 Kc3 42. b4 Kb3 43. b5 Kb4 44. b6 Kb5 45. b7 Kb6 46.
Re8 Kxb7 47. Rxe5 Kc6 48. Re6+ Kc5 49. Rxh6 Kd4 50. Kf3 Kc5 51. g4 Kd4 1-0

[Event "DEM U10/U10w 2000"]
[Site "Überlingen GER"]
[Date "2000.06.09"]
[Round "9"]
[White "Gremmer, Julia"]
[Black "Rutz, Marco"]
[Result "0-1"]
[Termination "normal"]
[Board "37"]
[WhiteElo "730"]
[BlackElo "951"]
[PlyCount "42"]
[EventCountry "GER"]
[EventRounds "11"]
[EventType "swiss"]
[EventDate "2000.06.03"]

1. e4 e5 2. Nf3 Nc6 3. Nc3 Nf6 4. Bc4 Bc5 5. d3 d6 6. Bg5 h6 7. Bh4 Bd7 8. O-O
g5 9. Bg3 Qe7 10. Nd2 h5 11. Kh1 h4 12. Bxh4 Rxh4 13. Nf3 Rh5 14. a3 O-O-O 15.
b4 Bd4 16. Nxd4 Nxd4 17. a4 Rdh8 18. h3 g4 19. Kg1 gxh3 20. gxh3 Rg8+ 21. Kh2
Rxh3# 0-1

[Event "DEM U10/U10w 2000"]
[Site "Überlingen GER"]
[Date "2000.06.09"]
[Round "9"]
[White "Scheerer, Kim"]
[Black "Cammann, Tim"]
[Result "0-1"]
[Termination "normal"]
[Board "39"]
[WhiteElo "879"]
[BlackElo "266"]
[PlyCount "80"]
[EventCountry "GER"]
[EventRounds "11"]
[EventType "swiss"]
[EventDate "2000.06.03"]

1. e4 e5 2. Nf3 Nc6 3. Bc4 Bc5 4. Nc3 Nf6 5. d3 d6 6. O-O O-O 7. Bg5 h6 8. Bh4
Bg4 9. h3 Bd7 10. Nd5 Be6 11. Qd2 Bxd5 12. Bxd5 Re8 13. c3 Rb8 14. d4 exd4 15.
cxd4 Bb4 16. Bxf6 Qxf6 17. Qd3 Nd8 18. Qc4 c5 19. dxc5 dxc5 20. a3 b5 21. Qc2
Ba5 22. Qxc5 Bb6 23. Qxb5 Bxf2+ 24. Rxf2 Rxb5 25. Rc1 Rxb2 26. Nd2 Qd4 27. Rcf1
Rxd2 28. g3 Rxf2 29. Rxf2 Qa1+ 30. Rf1 Qxa3 31. Kg2 Ne6 32. Rf3 Qd6 33. Rd3 Qe5
34. h4 g5 35. h5 f5 36. exf5 Qxf5 37. Bxe6+ Rxe6 38. Rf3 Re2+ 39. Kg1 Qxf3 40.
g4 Qg2# 0-1

[Event "DEM U10/U10w 2000"]
[Site "Überlingen GER"]
[Date "2000.06.09"]
[Round "9"]
[White "Fröschle, Luzie"]
[Black "Marx, Heiner"]
[Result "1/2-1/2"]
[Termination "normal"]
[Board "40"]
[WhiteElo "876"]
[BlackElo "202"]
[PlyCount "56"]
[WhiteFideId "24631221"]
[EventCountry "GER"]
[EventRounds "11"]
[EventType "swiss"]
[EventDate "2000.06.03"]

1. e4 e5 2. Nf3 Nc6 3. Bb5 a6 4. Bxc6 dxc6 5. d3 Bd6 6. Nc3 Nf6 7. Bg5 h6 8.
Bh4 g5 9. Bg3 Qe7 10. Qd2 g4 11. Nh4 Be6 12. O-O-O O-O-O 13. Rde1 Nh5 14. Nf5
Bxf5 15. exf5 Qf6 16. Ne4 Qxf5 17. Nxd6+ cxd6 18. Qb4 Qe6 19. Kb1 Qd5 20. Qxg4+
Rd7 21. Qxh5 Qxg2 22. Qg4 h5 23. Rhg1 Qxg1 24. Qxd7+ Kxd7 25. Rxg1 h4 26. Bxe5
dxe5 27. Kc1 Kd6 28. Kd2 f5 1/2-1/2

[Event "DEM U10/U10w 2000"]
[Site "Überlingen GER"]
[Date "2000.06.09"]
[Round "9"]
[White "Ugur, Özgür"]
[Black "von Berg, Martin"]
[Result "0-1"]
[Termination "normal"]
[Board "42"]
[WhiteElo "183"]
[BlackElo "875"]
[PlyCount "140"]
[EventCountry "GER"]
[EventRounds "11"]
[EventType "swiss"]
[EventDate "2000.06.03"]

1. e4 c5 2. Nc3 Nc6 3. f4 g6 4. Nf3 Bg7 5. Bc4 b6 6. O-O e6 7. d3 Nge7 8. Be3
O-O 9. Qe1 Bb7 10. Qh4 h6 11. Qg3 d5 12. Rfd1 dxc4 13. dxc4 Qc7 14. Nb5 Qb8 15.
Rab1 Rd8 16. Re1 a6 17. Nc3 Nb4 18. Re2 Rd7 19. a3 Nbc6 20. Qe1 f5 21. e5 Qc7
22. Bf2 Kh7 23. Be3 Bh8 24. Qh4 Kg7 25. Qf6+ Kh7 26. Qh4 Nd8 27. Ng5+ Kg7 28.
Nh3 Nf7 29. Qe1 Rad8 30. Nf2 Qc6 31. Qf1 Kh7 32. h3 Bg7 33. Nd3 Ba8 34. Rf2 Qb7
35. b4 cxb4 36. Rxb4 Qc6 37. Bxb6 Rb8 38. Qb1 Rdb7 39. Bc5 Rxb4 40. axb4 Nc8
41. Qb3 Kg8 42. Be3 Nd8 43. Rf3 a5 44. Qa3 Qxc4 45. bxa5 Bxf3 46. gxf3 Bf8 47.
Qa1 Ra8 48. Kg2 Nb7 49. a6 Qxa6 50. Qxa6 Rxa6 51. Nb4 Bxb4 52. Ne2 Nc5 53. c3
Ba3 54. Nd4 Nd3 55. c4 Bc5 56. Kg3 Bxd4 57. Bxd4 Ra4 58. h4 Rxc4 59. Be3 Ne7
60. Bf2 Nxf2 61. Kxf2 Rxf4 62. Kg3 Nd5 63. Kf2 Rxh4 64. Kg3 g5 65. Kf2 g4 66.
Kg3 Rh3+ 67. Kg2 Nf4+ 68. Kf2 Rxf3+ 69. Kg1 g3 70. Kh1 Rf1# 0-1

[Event "DEM U10/U10w 2000"]
[Site "Überlingen GER"]
[Date "2000.06.09"]
[Round "9"]
[White "Farnbacher, Christa"]
[Black "Billing, Tanja"]
[Result "1-0"]
[Termination "normal"]
[Board "46"]
[WhiteElo "348"]
[BlackElo "529"]
[PlyCount "99"]
[BlackFideId "24647993"]
[EventCountry "GER"]
[EventRounds "11"]
[EventType "swiss"]
[EventDate "2000.06.03"]

1. e4 e5 2. Nf3 Nc6 3. Bc4 Bc5 4. c3 Nf6 5. d4 exd4 6. e5 Ne4 7. Bd5 Nxf2 8.
Kxf2 dxc3+ 9. Ke1 Nb4 10. Bg5 f6 11. exf6 gxf6 12. Nxc3 fxg5 13. Qe2+ Qe7 14.
Ne4 Nxd5 15. Nxc5 d6 16. Ne4 Bf5 17. Nexg5 Qxe2+ 18. Kxe2 Nf4+ 19. Kf2 Nd3+ 20.
Kg3 Rg8 21. h4 h6 22. Kh2 hxg5 23. hxg5 Nxb2 24. Rae1+ Kd7 25. Re2 Nd3 26. Nd4
Rxg5 27. Rf1 Rh5+ 28. Kg1 Bg6 29. Rf6 c5 30. Rxg6 cxd4 31. Rg7+ Kc6 32. Rd2 Nb4
33. a3 Nd5 34. Rxd4 Re8 35. Rc4+ Kb5 36. Rc1 Re2 37. Rxb7+ Ka6 38. Rd7 Ne3 39.
Rxd6+ Kb7 40. Rd7+ Kb6 41. Rd6+ Kb5 42. a4+ Ka5 43. Rc5+ Kb4 44. Rb5+ Kc4 45.
Rc6+ Kd3 46. Rb3+ Ke4 47. Re6+ Kf4 48. Rb4+ Kg3 49. Rg6+ Ng4 50. Rbxg4# 1-0

[Event "DEM U10/U10w 2000"]
[Site "Überlingen GER"]
[Date "2000.06.09"]
[Round "9"]
[White "Häcker, Katrin"]
[Black "Gremmer, Jan"]
[Result "0-1"]
[Termination "normal"]
[Board "49"]
[WhiteElo "350"]
[BlackElo "855"]
[PlyCount "42"]
[WhiteFideId "24667986"]
[EventCountry "GER"]
[EventRounds "11"]
[EventType "swiss"]
[EventDate "2000.06.03"]

1. e4 e5 2. Nf3 Nc6 3. Bb5 d6 4. h3 Nf6 5. O-O Be6 6. Nc3 Be7 7. d3 O-O 8. Bg5
a6 9. Ba4 b5 10. Bb3 b4 11. Nd5 Nxd5 12. exd5 Bxg5 13. dxc6 Qf6 14. Qe2 Qg6 15.
h4 Bh6 16. Qe4 Bf5 17. Qxb4 Bh3 18. Ne1 Rab8 19. Kh2 Rxb4 20. Kxh3 Qf6 21. a3
Qxh4# 0-1

[Event "DEM U10/U10w 2000"]
[Site "Überlingen GER"]
[Date "2000.06.09"]
[Round "10"]
[White "Schneider, David"]
[Black "Baldauf, Marco"]
[Result "1-0"]
[Termination "normal"]
[Board "1"]
[WhiteElo "1421"]
[BlackElo "1278"]
[PlyCount "191"]
[WhiteFideId "4697111"]
[BlackFideId "4688210"]
[EventCountry "GER"]
[EventRounds "11"]
[EventType "swiss"]
[EventDate "2000.06.03"]

1. e4 c5 2. Nf3 e6 3. d4 cxd4 4. Nxd4 a6 5. Nc3 Qc7 6. Bd2 Nf6 7. Bd3 b5 8. a3
Bb7 9. f3 Bc5 10. Nb3 Be7 11. O-O d6 12. Qe2 Nbd7 13. Rae1 O-O 14. f4 Rfe8 15.
Qf2 Rac8 16. Qg3 e5 17. f5 d5 18. Bh6 Bf8 19. exd5 Kh8 20. Bg5 Bxd5 21. Bxf6
Nxf6 22. Nxd5 Nxd5 23. Qf3 Nf6 24. Re2 Bd6 25. h3 Qb6+ 26. Kh1 Qc6 27. Qxc6
Rxc6 28. Rfe1 Kg8 29. Nd2 Nd7 30. Ne4 Bb8 31. Rd1 Nb6 32. c3 Kf8 33. Kg1 Ba7
34. Kf1 f6 35. Nd2 Rd8 36. Bc2 Rcd6 37. Ke1 Na4 38. Rb1 Nc5 39. Ne4 Nxe4 40.
Rxe4 g6 41. fxg6 hxg6 42. Rd1 Bf2+ 43. Ke2 Rxd1 44. Bxd1 Bc5 45. Bc2 Kf7 46. b4
Bb6 47. Bb3+ Kg7 48. c4 Bd4 49. a4 f5 50. Rh4 bxa4 51. Bxa4 a5 52. b5 Rc8 53.
Kd3 Rc7 54. Rxd4 exd4 55. Kxd4 Kf7 56. b6 Rc8 57. Kd5 Ke7 58. c5 Rd8+ 59. Kc6
Rc8+ 60. Kb7 Rxc5 61. Ka7 Rc4 62. b7 Rxa4 63. b8=Q Re4 64. Qb7+ Kf6 65. Qb6+
Kg5 66. Qxa5 Re7+ 67. Kb6 Re6+ 68. Kc7 Kf6 69. Qc3+ Kf7 70. Qc4 Kf6 71. Qd4+
Kf7 72. g4 fxg4 73. Qxg4 Re7+ 74. Kd6 Ra7 75. Qc4+ Kf8 76. Qf4+ Rf7 77. Qh6+
Rg7 78. Ke6 Kg8 79. Kf6 Rf7+ 80. Kxg6 Ra7 81. Kf5 Rf7+ 82. Ke6 Ra7 83. Qg6+ Rg7
84. Qe8+ Kh7 85. h4 Rg6+ 86. Kf5 Rg1 87. h5 Rf1+ 88. Kg5 Rg1+ 89. Kf4 Rf1+ 90.
Kg3 Rg1+ 91. Kf2 Rg7 92. Kf3 Rg1 93. Qe4+ Kg8 94. h6 Rh1 95. Qg6+ Kh8 96. Qg7#
1-0

[Event "DEM U10/U10w 2000"]
[Site "Überlingen GER"]
[Date "2000.06.09"]
[Round "10"]
[White "Bentz, Matthias"]
[Black "Bindrich, Falko"]
[Result "0-1"]
[Termination "normal"]
[Board "2"]
[WhiteElo "1623"]
[BlackElo "1645"]
[PlyCount "74"]
[BlackFideId "4676670"]
[EventCountry "GER"]
[EventRounds "11"]
[EventType "swiss"]
[EventDate "2000.06.03"]

1. e4 c5 2. c3 d5 3. exd5 Qxd5 4. d4 Nf6 5. Nf3 Nc6 6. Be2 e6 7. O-O Be7 8. Be3
cxd4 9. cxd4 O-O 10. Nc3 Qd8 11. Qd2 a6 12. Rac1 Nb4 13. a3 Nbd5 14. Nxd5 exd5
15. Bd3 Ne4 16. Qc2 Re8 17. Nd2 Bd6 18. Bxe4 dxe4 19. Nc4 Bc7 20. Nd2 Bb8 21.
Rfe1 Bf5 22. Qb3 b5 23. Rc5 Bg4 24. Qd5 Bd6 25. Bg5 Qd7 26. Rxe4 Bxc5 27. Qxd7
Bxd7 28. dxc5 Rxe4 29. Nxe4 Re8 30. f3 Bc6 31. Nc3 Re5 32. Bf4 Rxc5 33. Kf2 a5
34. Ke3 b4 35. axb4 axb4 36. Na2 b3 37. Nc3 Rxc3+ 0-1

[Event "DEM U10/U10w 2000"]
[Site "Überlingen GER"]
[Date "2000.06.09"]
[Round "10"]
[White "Lutz, Bernhard"]
[Black "Forchmann, Georg"]
[Result "1-0"]
[Termination "normal"]
[Board "3"]
[WhiteElo "1113"]
[BlackElo "1214"]
[PlyCount "89"]
[WhiteFideId "24628638"]
[EventCountry "GER"]
[EventRounds "11"]
[EventType "swiss"]
[EventDate "2000.06.03"]

1. e4 e6 2. d4 d5 3. c4 dxe4 4. f3 exf3 5. Nxf3 Nf6 6. Bd3 Be7 7. Nc3 O-O 8.
Bc2 Nc6 9. Bg5 Re8 10. a3 Ng4 11. Bf4 f6 12. h3 Nh6 13. Bxh6 gxh6 14. Qd3 f5
15. O-O-O Bf6 16. g4 Re7 17. gxf5 exf5 18. d5 Ne5 19. Nxe5 Bxe5 20. Rdf1 Kh8
21. Qd2 Qd6 22. Kb1 Qf6 23. Ne4 Qb6 24. Nc3 Rf7 25. Re1 Bg7 26. Rhf1 Bd7 27.
Bd1 Re8 28. Bh5 Rxe1+ 29. Rxe1 Rf8 30. Rf1 Bxc3 31. Qxc3+ Qf6 32. Qb3 b6 33.
Qd3 f4 34. Ka1 Qh4 35. Qc3+ Qf6 36. Qd3 Rg8 37. Qf3 Rf8 38. Qd3 Qe5 39. Qf3 Qf5
40. Bg4 Qf7 41. Qc3+ Kg8 42. Bxd7 Qxd7 43. Rg1+ Kf7 44. Qg7+ Ke8 45. Re1+ 1-0

[Event "DEM U10/U10w 2000"]
[Site "Überlingen GER"]
[Date "2000.06.09"]
[Round "10"]
[White "Schulz, Michael"]
[Black "Lubbe, Nikolas"]
[Result "0-1"]
[Termination "normal"]
[Board "4"]
[WhiteElo "863"]
[BlackElo "1110"]
[PlyCount "106"]
[BlackFideId "4694031"]
[EventCountry "GER"]
[EventRounds "11"]
[EventType "swiss"]
[EventDate "2000.06.03"]

1. e4 c5 2. Nf3 Nc6 3. d4 cxd4 4. Nxd4 g6 5. Nc3 Bg7 6. Be3 Nf6 7. f3 O-O 8.
Qd2 d5 9. O-O-O e6 10. Nb3 dxe4 11. Qxd8 Rxd8 12. Rxd8+ Nxd8 13. fxe4 Ng4 14.
Bg5 Bxc3 15. bxc3 Nc6 16. Bd3 Nce5 17. Kd2 b6 18. h3 Nf2 19. Rf1 Nfxd3 20. cxd3
Ba6 21. Nc1 Rc8 22. Bf6 Nd7 23. e5 Nc5 24. Rf4 Rc7 25. Rd4 Rd7 26. Rd6 Bb7 27.
Nb3 Rxd6 28. exd6 Nd7 29. Be7 Bxg2 30. h4 f5 31. Nd4 Kf7 32. Ke3 e5 33. Nf3
Bxf3 34. Kxf3 Ke6 35. c4 Nb8 36. Ke3 Kf7 37. Bd8 Ke8 38. Bc7 Na6 39. d7+ Kxd7
40. Bxe5 Ke6 41. Bg3 Nb4 42. Bb8 Nc6 43. Bg3 Ne5 44. d4 Nxc4+ 45. Kd3 Kd5 46.
Bb8 a5 47. Bc7 b5 48. Ke2 Kxd4 49. Kf3 Kd5 50. Kf4 Ke6 51. Kg5 Kf7 52. h5 Kg7
53. hxg6 hxg6 0-1

[Event "DEM U10/U10w 2000"]
[Site "Überlingen GER"]
[Date "2000.06.09"]
[Round "10"]
[White "Beck, Frederik"]
[Black "Mandery, Markus"]
[Result "1/2-1/2"]
[Termination "normal"]
[Board "5"]
[WhiteElo "969"]
[BlackElo "1454"]
[PlyCount "39"]
[WhiteFideId "4687388"]
[BlackFideId "24607126"]
[EventCountry "GER"]
[EventRounds "11"]
[EventType "swiss"]
[EventDate "2000.06.03"]

1. e4 e6 2. d4 d5 3. exd5 exd5 4. Nc3 c6 5. Be3 Bf5 6. Nf3 Bd6 7. Bd3 Bxd3 8.
Qxd3 Nf6 9. O-O-O Nbd7 10. Rde1 O-O 11. h4 h5 12. Ng5 b5 13. f3 Bg3 14. Ref1
Bd6 15. g4 g6 16. gxh5 Nxh5 17. Nxf7 Kxf7 18. Rhg1 Rg8 19. Bg5 Ndf6 20. f4
1/2-1/2

[Event "DEM U10/U10w 2000"]
[Site "Überlingen GER"]
[Date "2000.06.09"]
[Round "10"]
[White "Savchenko, Oleksey"]
[Black "Fuchs, Judith"]
[Result "0-1"]
[Termination "normal"]
[Board "6"]
[WhiteElo "1329"]
[BlackElo "727"]
[PlyCount "54"]
[WhiteFideId "24611727"]
[BlackFideId "24605611"]
[EventCountry "GER"]
[EventRounds "11"]
[EventType "swiss"]
[EventDate "2000.06.03"]

1. d4 d5 2. c4 e6 3. Nc3 Nf6 4. Bg5 Be7 5. e3 O-O 6. Bd3 dxc4 7. Bxc4 Nbd7 8.
Nf3 b6 9. O-O Bb7 10. Bd3 h6 11. Bxf6 Nxf6 12. Rc1 c5 13. Bb1 Rc8 14. e4 cxd4
15. Nxd4 Bc5 16. Nf3 Qxd1 17. Rfxd1 Rfd8 18. Ne5 Bd4 19. Nf3 Bxc3 20. bxc3 Nxe4
21. Bxe4 Bxe4 22. Nd4 e5 23. Nb5 Rxd1+ 24. Rxd1 Bg6 25. Rd7 a6 26. Rc7 Rd8 27.
h3 axb5 0-1

[Event "DEM U10/U10w 2000"]
[Site "Überlingen GER"]
[Date "2000.06.09"]
[Round "10"]
[White "Kleine, Jannik"]
[Black "Gorodetski, Boris"]
[Result "1-0"]
[Termination "normal"]
[Board "7"]
[WhiteElo "1205"]
[BlackElo "311"]
[PlyCount "55"]
[EventCountry "GER"]
[EventRounds "11"]
[EventType "swiss"]
[EventDate "2000.06.03"]

1. d4 d5 2. c4 e6 3. Nc3 c6 4. e4 Bd6 5. Nf3 Nd7 6. Bd3 b6 7. e5 Bc7 8. O-O f6
9. Bf4 fxe5 10. Nxe5 Ngf6 11. Nxc6 Bxf4 12. Nxd8 Kxd8 13. cxd5 exd5 14. Qf3 Bc7
15. Nxd5 Nxd5 16. Qxd5 Re8 17. Qxa8 Nf6 18. Qxa7 Re7 19. Qa3 Rd7 20. Qf8+ Ne8
21. Rfe1 Bd6 22. Rxe8+ Kc7 23. Rxc8+ Kb7 24. Be4+ Ka6 25. Ra8+ Kb5 26. Qe8 Kc4
27. Qe6+ Kxd4 28. Qd5# 1-0

[Event "DEM U10/U10w 2000"]
[Site "Überlingen GER"]
[Date "2000.06.09"]
[Round "10"]
[White "Körnlein, Daniel"]
[Black "Schlötzer, Waldemar"]
[Result "1-0"]
[Termination "normal"]
[Board "8"]
[WhiteElo "1004"]
[BlackElo "1199"]
[PlyCount "119"]
[BlackFideId "24602140"]
[EventCountry "GER"]
[EventRounds "11"]
[EventType "swiss"]
[EventDate "2000.06.03"]

1. e4 c5 2. Nf3 d6 3. d4 cxd4 4. Nxd4 Nf6 5. Nc3 g6 6. Be2 Bg7 7. O-O O-O 8.
Be3 Nc6 9. f4 Ng4 10. Bxg4 Bxg4 11. Nxc6 Qd7 12. Nxe7+ Kh8 13. Nxg6+ fxg6 14.
Qd3 b6 15. Bd4 Rad8 16. Bxg7+ Qxg7 17. h3 Bc8 18. Rad1 Qh6 19. Qd4+ Kg8 20.
Qd5+ Kh8 21. f5 gxf5 22. exf5 Rg8 23. Qd4+ Rg7 24. f6 Rf7 25. Ne4 d5 26. Nc3
Qg6 27. Qd3 Qg5 28. Qf3 Be6 29. Rde1 Bc8 30. Nxd5 Bb7 31. Qf5 Qxf5 32. Rxf5
Bxd5 33. Rxd5 Rdf8 34. Rf1 Rxf6 35. Rxf6 Rxf6 36. Rd8+ Kg7 37. Rd7+ Rf7 38.
Rxf7+ Kxf7 39. Kf2 Kf6 40. Kf3 h5 41. Kf4 a6 42. a4 b5 43. axb5 axb5 44. c3 Ke6
45. g4 hxg4 46. Kxg4 Kd5 47. h4 Kc4 48. h5 Kb3 49. h6 Kxb2 50. h7 Kxc3 51.
h8=Q+ Kb3 52. Qa1 b4 53. Qb1+ Ka3 54. Kf3 b3 55. Ke2 Kb4 56. Kd2 Ka4 57. Qb2
Kb4 58. Kd3 Kc5 59. Qxb3 Kc6 60. Kc4 1-0

[Event "DEM U10/U10w 2000"]
[Site "Überlingen GER"]
[Date "2000.06.09"]
[Round "10"]
[White "Rafiee, Makan"]
[Black "Zikeli, Saskia"]
[Result "1-0"]
[Termination "normal"]
[Board "9"]
[WhiteElo "1148"]
[BlackElo "1135"]
[PlyCount "95"]
[WhiteFideId "24609340"]
[BlackFideId "24601543"]
[EventCountry "GER"]
[EventRounds "11"]
[EventType "swiss"]
[EventDate "2000.06.03"]

1. e4 c5 2. c3 d5 3. exd5 Qxd5 4. d4 Nf6 5. Nf3 Bg4 6. Be2 Nc6 7. Be3 e6 8. O-O
Be7 9. dxc5 Bxc5 10. Qxd5 Nxd5 11. Bxc5 Nf4 12. Bb5 f6 13. Bxc6+ bxc6 14. Nd4
Kd7 15. Nd2 Rhd8 16. f3 Bh5 17. Nc4 Nd5 18. Na5 Rdc8 19. Rfe1 e5 20. Ndxc6 Nf4
21. Red1+ Ke8 22. Bxa7 Kf8 23. Bc5+ Ke8 24. b4 Ne6 25. Rd5 Nf4 26. Rd2 Ne6 27.
Rad1 Nxc5 28. bxc5 Kf7 29. h4 h6 30. Rd8 Rxd8 31. Rxd8 Ra6 32. Rd7+ Kg8 33. Ra7
Rxa7 34. Nxa7 Bf7 35. c4 f5 36. c6 e4 37. c7 Be6 38. c8=Q+ Bxc8 39. Nxc8 e3 40.
Nc6 Kf7 41. a4 Ke6 42. a5 g5 43. hxg5 hxg5 44. a6 g4 45. fxg4 f4 46. a7 e2 47.
Kf2 Kf6 48. a8=Q 1-0

[Event "DEM U10/U10w 2000"]
[Site "Überlingen GER"]
[Date "2000.06.09"]
[Round "10"]
[White "Wortmann, Jonas"]
[Black "Pongratz, Philip"]
[Result "1-0"]
[Termination "normal"]
[Board "10"]
[WhiteElo "1184"]
[BlackElo "946"]
[PlyCount "87"]
[WhiteFideId "24628069"]
[EventCountry "GER"]
[EventRounds "11"]
[EventType "swiss"]
[EventDate "2000.06.03"]

1. c4 c5 2. g3 Nc6 3. Bg2 Nf6 4. Nc3 g6 5. d3 Bg7 6. Nf3 d6 7. h3 O-O 8. Be3
Bd7 9. Qd2 Qc8 10. Bh6 a6 11. Bxg7 Kxg7 12. g4 Ne8 13. Nd5 Qd8 14. Qc3+ Nf6 15.
g5 Re8 16. gxf6+ exf6 17. Qd2 Be6 18. O-O-O Bxd5 19. cxd5 Nb4 20. Kb1 Nxd5 21.
e4 Nb4 22. a3 Nc6 23. h4 Qb6 24. Ka1 Na5 25. Qc3 Rac8 26. h5 c4 27. h6+ Kf8 28.
d4 Nb3+ 29. Ka2 Rc7 30. Nd2 Nxd4 31. Qb4 Qxb4 32. axb4 c3 33. bxc3 Rxc3 34. Rc1
Rec8 35. Rxc3 Rxc3 36. Rd1 Rc2+ 37. Kb1 Rc3 38. Nf1 Rb3+ 39. Ka2 Rxb4 40. Ne3
Nb5 41. Nd5 Rc4 42. Kb3 Rc6 43. Nxf6 Rb6 44. Nd7+ 1-0